000 00195nam a2200085Ia 4500
008 120527s9999 xx 000 0 und d
100 _aNorton, et al
245 _aA people and a nation
942 _cBK
999 _c27655
_d27655